Signal processing and linear systems (Record no. 1319)

000 -LEADER
fixed length control field 00543nam a2200205 a 4500
001 - CONTROL NUMBER
control field 1319
003 - CONTROL NUMBER IDENTIFIER
control field BD-DhUET
008 - FIXED-LENGTH DATA ELEMENTS--GENERAL INFORMATION
fixed length control field 980109s1998 caua b 001 0 eng
020 ## - INTERNATIONAL STANDARD BOOK NUMBER
International Standard Book Number 0941413357
040 ## - CATALOGING SOURCE
Original cataloging agency DLC
Transcribing agency DLC
Modifying agency BD-DhUET
082 00 - DEWEY DECIMAL CLASSIFICATION NUMBER
Classification number 623.22
Item number LAT/1998
100 ## - MAIN ENTRY--PERSONAL NAME
Personal name Lathi B. P.
245 10 - TITLE STATEMENT
Title Signal processing and linear systems
250 ## - EDITION STATEMENT
Edition statement 1st ed
260 ## - PUBLICATION, DISTRIBUTION, ETC. (IMPRINT)
Place of publication, distribution, etc. New York
Name of publisher, distributor, etc. Oxford University Press
Date of publication, distribution, etc. 1998
300 ## - PHYSICAL DESCRIPTION
Extent x, 850 p.
Other physical details ill.
Dimensions 24 cm.
504 ## - BIBLIOGRAPHY, ETC. NOTE
Bibliography, etc Includes bibliographies
650 #0 - SUBJECT ADDED ENTRY--TOPICAL TERM
Topical term or geographic name as entry element Digital signal processing
942 ## - ADDED ENTRY ELEMENTS (KOHA)
Koha item type General Book
Holdings
Withdrawn status Damaged status Koha renewals Copy number Source of classification or shelving scheme Price effective from Shelving location Piece designation (barcode) Koha full call number Location (home branch) Koha date last seen Koha date last borrowed Sublocation or collection (holding branch) Koha issues (times borrowed) Date acquired Lost status Koha normalized classification for sorting Not for loan Koha item type
  21 2014-09-03Circulation section103856623.22/LAT/1998Central Library, BUET2019-09-14 Central Library, BUET 2014-09-03 623_000000000000000_22LAT1998 General Book
   2 2014-09-03Circulation section103857623.22/LAT/1998Central Library, BUET2014-09-03 Central Library, BUET 2014-09-03 623_000000000000000_22LAT1998 General Book
   3 2014-09-03Circulation section103859623.22/LAT/1998Central Library, BUET2017-08-192015-06-13Central Library, BUET12014-09-03 623_220000000000000_LAT_1998 General Book
   4 2014-09-03Circulation section103860623.22/LAT/1998Central Library, BUET2017-01-082015-10-20Central Library, BUET12014-09-03 623_000000000000000_22LAT1998 General Book
   5 2014-09-03Circulation section103863623.22/LAT/1998Central Library, BUET2017-04-112015-05-25Central Library, BUET12014-09-03 623_000000000000000_22LAT1998 General Book
   6 2014-09-03Circulation section103864623.22/LAT/1998Central Library, BUET2017-06-132015-05-25Central Library, BUET12014-09-03 623_000000000000000_22LAT1998 General Book
   7 2014-09-03Circulation section103865623.22/LAT/1998Central Library, BUET2017-08-20 Central Library, BUET 2014-09-03 623_000000000000000_22LAT1998 General Book
   8 2014-11-18Circulation section103858623.22/LAT/1998Central Library, BUET2017-10-10 Central Library, BUET 2014-11-18 623_000000000000000_22LAT1998 General Book
   9 2014-12-02Circulation section103861623.22 LAT/1998Central Library, BUET2017-05-312017-04-18Central Library, BUET12014-12-02 623_220000000000000_LAT1998 General Book
  210 2015-06-03Circulation section100035623.22/LAT/1998Central Library, BUET2017-02-06 Central Library, BUET 2015-06-03 623_220000000000000_LAT_1998 General Book
   11 2017-10-31Circulation section103862623.22/LAT/1998Central Library, BUET2025-09-172025-09-07Central Library, BUET22007-05-28 623_220000000000000_LAT_1998 General Book